Learning Resource and Development

Cat and mouse / (Record no. 20154)

MARC details
000 -LEADER
fixed length control field 01003cam a2200289Ma 4500
001 - CONTROL NUMBER
control field catmouse00gras
003 - CONTROL NUMBER IDENTIFIER
control field CaSfIA
005 - DATE AND TIME OF LATEST TRANSACTION
control field 20230525154930.0
007 - PHYSICAL DESCRIPTION FIXED FIELD--GENERAL INFORMATION
fixed length control field cr||||
008 - FIXED-LENGTH DATA ELEMENTS--GENERAL INFORMATION
fixed length control field 010430s1964 nyu 000 1 eng d
010 ## - LIBRARY OF CONGRESS CONTROL NUMBER
LC control number 63013499
040 ## - CATALOGING SOURCE
Original cataloging agency ZZAND
Language of cataloging spa
Transcribing agency ZZAND
Modifying agency OCLCQ
-- CaSfIA
035 ## - SYSTEM CONTROL NUMBER
System control number (OCoLC)318227208
041 1# - LANGUAGE CODE
Language code of text/sound track or separate title eng
Language code of original ger
043 ## - GEOGRAPHIC AREA CODE
Geographic area code e-pl---
082 04 - DEWEY DECIMAL CLASSIFICATION NUMBER
Classification number 833.914
Item number G617
-- Z351
Edition number 20 ed.
100 1# - MAIN ENTRY--PERSONAL NAME
Personal name Grass, Günter,
Dates associated with a name 1927-
245 10 - TITLE STATEMENT
Title Cat and mouse /
Medium [electronic resource]
Statement of responsibility, etc. Günter Grass ; translated by Ralph Manheim.
260 ## - PUBLICATION, DISTRIBUTION, ETC.
Place of publication, distribution, etc. New York :
Name of publisher, distributor, etc. New American Library,
Date of publication, distribution, etc. c1963.
300 ## - PHYSICAL DESCRIPTION
Extent 127 p. ;
Dimensions 18 cm.
440 #0 - SERIES STATEMENT/ADDED ENTRY--TITLE
Title A Signet Book
500 ## - GENERAL NOTE
General note Katz und maus.
650 14 - SUBJECT ADDED ENTRY--TOPICAL TERM
Topical term or geographic name entry element Novela alemana
Chronological subdivision Siglo XX.
856 41 - ELECTRONIC LOCATION AND ACCESS
Uniform Resource Identifier <a href="http://www.archive.org/details/catmouse00gras">http://www.archive.org/details/catmouse00gras</a>
Public note Free eBook from the Internet Archive
856 42 - ELECTRONIC LOCATION AND ACCESS
Uniform Resource Identifier <a href="http://www.openlibrary.org/books/OL24202918M">http://www.openlibrary.org/books/OL24202918M</a>
Public note Additional information and access via Open Library
Holdings
Withdrawn status Lost status Damaged status Not for loan Collection Home library Current library Date acquired Total Checkouts Date last seen Price effective from Koha item type
        Project Gutenberg Main Library Main Library 05/25/2023   05/25/2023 05/25/2023 EBooks